000 00969nas a2200301 4500
001 BR0602746
003 BR-BrBNA
005 20231205110055.0
007 ta
008 230509b bl.|||p| |||| 00| 00por d
040 _aBR-BrBNA
_bpor
_cBiblioteca Nacional de Agricultura
041 _a(Pt)
072 _aL10; U10
100 1 _aMarcondes, C.R.
100 1 _aPaneto, J.C.C.
100 1 _aSilva, J.A.II.V.
100 1 _aOliveira, H.N.
100 1 _aLôbo, R.B.
245 1 _aComparação entre análises para permanência no rebanho de vacas Nelore utilizando modelo linear e modelo de limiar
650 _aGADO NELORE
650 _aHEREDITARIEDADE
650 _aREGRESSÃO LINEAR
650 _aANÁLISE COMPARATIVA
650 _aPROGÊNIE
773 0 _tArquivo Brasileiro de Medicina Veterinária e Zootecnia (Brazil)
_xISSN 0102-0935
_g(Apr 2005), v. 57(2) p. 234-240
_wBR0602746
909 _a202311
_bLúcia
_c55
_dLúcia Elande
942 _2AGRIS
_n0
_cANA
999 _c186093
_d186093